000 00524cam a22002052a 4500
001 013392
003 AR-FADEU
008 311216n1952####xxu####################dd
092 _a720
_bW572
100 _aWhinney, Margaret
245 _aRenaissance architecture in england
260 _aLondon
260 _bLongmans Green
260 _c1952
300 _a42 p. : il., fot
500 _aIncludes bibliography
650 _aRENACIMIENTO-INGLATERRA; ARQUITECTURA-RENACIMIENTO
546 _aInglés
942 _cBDGR
999 _c19159
_d19159